1403 1403 1566 1316 1414 1815 1758 1837 1754 1091 1419 1462 1239 1957 1338 1103 1955 1081 1960 1148 1156 1720 1173 1985 1952 1693 1803 1930 1276 1477 1491 1356 1087 1966 1835 1421 1076 1906 1697 1177 1967 1017 1024 1812 1833 1916 1869 1769 1708 1003 1848 1533 1566 1174 1330 1911 1221 1065 1877 1547 1165 1033 1733 1991 1537 1984 1418 1310 1956 1246 1837 1582 1086 1304 1525 1673 1314 1725 1509 1488 1708 1432 1988 1110 1226 1228 1514 1121 1458 1564 1277 1674 1943 1638 1112 1498 1597 1947 1672 BCNSPRNW ULIB Ver.6.0+V

เปลี่ยนเป็นภาษาไทย

Change to English
 แสดงรายละเอียดบรรณานุกรม
  กลับหน้าหลัก

Brief Record : Get Marc (ISO 2709) : E-mail record : QR code < ปิดหน้าต่าง
LEADER : 00000nam 2200000uu 4500
001    13399113907
003     ULIB
008    120112s2550||||th 000 0 tha d
020    ^a9789744348623
090    ^aนว.^bก123ผ 2550
100 0  ^aเกมม่า ทาวน์ลี่
245 00 ^aแผนรักลับ ๆ ฉบับ M B A/^cเกมม่า ทาวน์ลี่
250    ^aพิมพ์ครั้งที่ 1
260    ^aกรุงเทพฯ :^bฟิสิกส์เซ็นเตอร์,^c2550
300    ^a346 หน้า
710 1  ^aฟิสิกส์เซ็นเตอร์
945    ^p230^l0^i14452
995    ^aกัณชพร
999    ^aใช้งานได้ทุกระบบ
รายการนี้ยังไม่มีแท็ก
คุณยังไม่ได้ล็อกอิน คุณสามารถมีกิจกรรมร่วมกับเว็บไซต์ได้ แต่ต้องล็อกอินก่อน ::
  ล็อกอิน

รายการสื่อสารสนเทศ

ลำดับที่ ประเภท เลขเรียก/บาร์โค้ด สถานที่ สถานะ
1. นวนิยาย
นวนิยาย
นว. ก123ผ 2550  
  Barcode: 14452
ห้องสมุดวิทยาเขตสวรรค์ประชารักษ์
►นวนิยาย
บนชั้น
  ขอยืม

BibComment


ยังไม่เคยถูกคอมเมนท์

คอมเมนท์ทรัพยากรรายการนี้
  คอมเมนท์: แผนรักลับ ๆ ฉบับ..


 Copyright 2026. Bcnsprnw @Library